Sonetos y pensamientos : (Record no. 190545)

MARC details
000 -LEADER
campo de control de longitud fija 01308nam a2200301 c 4500
001 - NÚMERO DE CONTROL
campo de control 190545
003 - IDENTIFICADOR DE NÚMERO DE CONTROL
campo de control SpMaBN
005 - FECHA Y HORA DE LA ÚLTIMA TRANSACCIÓN
campo de control 20250807075202.0
008 - DATOS DE LONGITUD FIJA--INFORMACIÓN GENERAL
campo de control de longitud fija 210820s2019 sp 001 m spa
020 ## - NÚMERO INTERNACIONAL ESTÁNDAR DEL LIBRO
Número Internacional Estándar del Libro 978-84-17707-79-8
080 ## - NÚMERO DE LA CLASIFICACIÓN DECIMAL UNIVERSAL
Número de la Clasificación Decimal Universal 821.134.2-14"19"
080 ## - NÚMERO DE LA CLASIFICACIÓN DECIMAL UNIVERSAL
Número de la Clasificación Decimal Universal 821.134.2-84"19"
080 ## - NÚMERO DE LA CLASIFICACIÓN DECIMAL UNIVERSAL
Número de la Clasificación Decimal Universal 821.134.2-193.3(082.2)
100 1# - ENTRADA PRINCIPAL--NOMBRE DE PERSONA
Nombre de persona Para Rodríguez-Santana, Ignacio.
9 (RLIN) 156265
245 10 - MENCIÓN DEL TÍTULO
Título Sonetos y pensamientos :
Resto del título el sentido de la vida /
Mención de responsabilidad, etc. Ignacio Para Rodríguez-Santana ; prólogo de Ramón Tamames ; [epílogo, Salvador Arribas Valiente].
260 ## - PUBLICACIÓN, DISTRIBUCIÓN, ETC.
Lugar de publicación, distribución, etc. Madrid :
Nombre del editor, distribuidor, etc. Liberfactory,
Fecha de publicación, distribución, etc. [2019]
300 ## - DESCRIPCIÓN FÍSICA
Extensión 177 p. ;
Dimensiones 21 cm.
505 8# - NOTA DE CONTENIDO CON FORMATO
Nota de contenido con formato Contiene: Mis sonetos . Dos sonetos de mi amigo Salvador . Sonetos elegidos del Siglo de Oro español y posteriores . Aforismos y pensamientos
650 #4 - PUNTO DE ACCESO ADICIONAL DE MATERIA--TÉRMINO DE MATERIA
Término de materia o nombre geográfico como elemento de entrada Sonetos españoles.
9 (RLIN) 17229
650 #7 - PUNTO DE ACCESO ADICIONAL DE MATERIA--TÉRMINO DE MATERIA
Término de materia o nombre geográfico como elemento de entrada Poesías españolas
Fuente del encabezamiento o término embne
9 (RLIN) 16214
700 1# - ENTRADA AGREGADA--NOMBRE PERSONAL
Nombre de persona Tamames, Ramón,
Fechas asociadas al nombre 1933-
9 (RLIN) 237391
700 1# - ENTRADA AGREGADA--NOMBRE PERSONAL
Nombre de persona Arribas Valiente, Salvador.
9 (RLIN) 173380
852 4# - LOCALIZACIÓN
Ubicación ES-MaACL
Número de control de estantería A-14752
itemnumber 197723
Sublocalización o colección R.152767
Ubicación en estantería Depósito 1
Signatura antigua Olim: N-7752
Anotaciones manuscritas Dedicatoria autógrafa del autor
Donativo/Legado Donación: Ignacio Para Rodríguez-Santana
903 ## - NOMBRE PERSONAL DE DONANTE
9 156265
a Para Rodríguez-Santana, Ignacio
e Donante
942 ## - ELEMENTOS DE ENTRADA SECUNDARIOS (KOHA)
Fuente del sistema de clasificación o colocación Clasificación decimal universal
Tipo de ítem Koha Libro impreso
Holdings
Estatus retirado Estado de pérdida Fuente del sistema de clasificación o colocación Estado de daño No para préstamo Colección Biblioteca de origen Biblioteca actual Ubicación en estantería Fecha de adquisición Fuente de adquisición Total de préstamos Signatura topográfica completa Código de barras Visto por última vez Precio de reemplazo Tipo de ítem Koha Nota pública
    Clasificación decimal universal     Libros con dedicatorias Biblioteca del Ateneo de Madrid Biblioteca del Ateneo de Madrid Depósito 1 20/08/2021 Donación   A-14752 1202668 23/02/2023 23/02/2023 Libro impreso Dedicatoria autógrafa del autor